[Event "Druzynowe Mistrzostwa Polski Juniorow - I Liga"]
[Site "Ustron"]
[Date "2011-07-01"]
[Round "7.1"]
[White "Borawski, Jakub"]
[Black "Blaszkiewicz, Mateusz"]
[Result "1-0"]
[WhiteTitle "II+"]
[BlackTitle "I"]
[WhiteElo "1899"]
[BlackElo "1901"]

1. e4 c5 2. Nf3 Nc6 3. d4 cxd4 4. Nxd4 g6 5. c4 Bg7 6. Be3 Nf6 7. Nc3 d6 8. Be2
O-O 9. O-O Bd7 10. Qd2 a5 11. Nxc6 Bxc6 12. Bd3 a4 13. Nd5 Bxd5 14. exd5 Ng4 15.
Rab1 Nxe3 16. Qxe3 Qc7 17. Rfe1 Bf6 18. g4 Rfe8 19. g5 Be5 20. f4 Bg7 21. f5 a3
22. b3 b6 23. Kh1 Qc5 24. Qh3 Qf2 25. Re2 Qf4 26. Rg2 b5 27. Rf1 Qe5 28. Re2 Qc3
29. fxg6 fxg6 30. Qe6+ Kh8 31. Bxg6 hxg6 32. Re3 Qxe3 33. Qxe3 bxc4 34. Qh3+ Kg8
35. Qe6+ Kh7 36. Rf3 Be5 37. Rf7+ 1-0

[Event "Druzynowe Mistrzostwa Polski Juniorow - I Liga"]
[Site "Ustron"]
[Date "2011-07-01"]
[Round "7.2"]
[White "Chomski, Maciej"]
[Black "Zochowski, Kacper"]
[Result "0-1"]
[WhiteTitle "I"]
[BlackTitle "I"]
[WhiteElo "1842"]
[BlackElo "1942"]

1. d4 Nf6 2. c4 e6 3. Nf3 Bb4+ 4. Bd2 Qe7 5. Qc2 Bxd2+ 6. Nbxd2 d6 7. g3 b6 8.
Bg2 Bb7 9. O-O O-O 10. Rac1 Nbd7 11. e4 e5 12. Rfe1 g6 13. d5 Ne8 14. b4 Ng7 15.
Nb3 a5 16. c5 a4 17. c6 axb3 18. Qxb3 Bc8 19. cxd7 Qxd7 20. Rc2 Qd8 21. Rec1 Ra7
22. Nd2 f5 23. Nb1 fxe4 24. Bxe4 Nf5 25. Rc3 Nd4 26. Qb2 Bg4 27. Re3 Qd7 28. Rcc3
Qa4 29. Rc1 Qxa2 30. Qxa2 Rxa2 31. Rf1 Bh3 32. Bg2 Bf5 33. Nc3 Rb2 34. f4 Rb3
35. fxe5 Rxc3 36. Rxc3 Ne2+ 37. Kh1 Nxc3 38. Rc1 Nb5 39. Bf1 Be4+ 40. Kg1 Nd4
41. Rxc7 Nf3+ 42. Kf2 Nxh2+ 43. Ke3 Bxd5 44. exd6 Nxf1+ 45. Kd4 Be6 46. Ke5 Bh3
47. Rb7 b5 0-1

[Event "Druzynowe Mistrzostwa Polski Juniorow - I Liga"]
[Site "Ustron"]
[Date "2011-07-01"]
[Round "7.3"]
[White "Smolarczyk, Tomasz"]
[Black "Swiderski, Radoslaw"]
[Result "1-0"]
[WhiteTitle "II"]
[BlackTitle "II+"]
[WhiteElo "1575"]
[BlackElo "1817"]

1. e4 c5 2. Nf3 d6 3. d4 cxd4 4. Nxd4 Nf6 5. Nc3 Nc6 6. Be2 g6 7. Be3 Bg7 8. f3
O-O 9. Qd2 Nxd4 10. Bxd4 Be6 11. O-O-O Qa5 12. Kb1 Rfc8 13. a3 a6 14. g4 b5 15.
g5 Nh5 16. Bxg7 Nxg7 17. Nd5 Qd8 18. f4 Rc5 19. Ne3 Qb6 20. h4 a5 21. h5 b4 22.
a4 b3 23. c3 Qc6 24. Qd4 Bd7 25. Nd5 Re8 26. hxg6 fxg6 27. Bb5 Rxb5 28. axb5 Qb7
29. b6 Bc6 30. Rd2 a4 31. Qc4 Kh8 32. Rdh2 Nh5 33. f5 Rf8 34. Qd4+ Kg8 35. f6
Bxd5 36. Qxd5+ Qxd5 37. exd5 exf6 38. gxf6 Nxf6 39. Rh4 Nxd5 40. b7 a3 41. bxa3
h5 42. Rc4 Nb6 43. Rc6 Nd7 44. Rc8 Kg7 45. Rd1 h4 46. Rxd6 Nb8 47. Rxf8 Kxf8 48.
Rd8+ Kg7 49. Rxb8 1-0

[Event "Druzynowe Mistrzostwa Polski Juniorow - I Liga"]
[Site "Ustron"]
[Date "2011-07-01"]
[Round "7.4"]
[White "Witczak, Jakub"]
[Black "Szostko, Jakub"]
[Result "1-0"]
[WhiteTitle "II"]
[BlackTitle "II"]
[WhiteElo "1579"]
[BlackElo "1610"]

1. e4 c5 2. Nf3 d6 3. d4 cxd4 4. Nxd4 Nf6 5. Nc3 g6 6. f3 Bg7 7. Be3 a6 8. Bc4
Nbd7 9. Qd2 h5 10. O-O-O b5 11. Bb3 Bb7 12. h3 h4 13. Rhg1 Ne5 14. g3 hxg3 15.
Rxg3 Nc4 16. Bxc4 bxc4 17. Qg2 Qd7 18. Rg1 Rg8 19. h4 a5 20. h5 Nxh5 21. Rxg6
fxg6 22. Qxg6+ Kd8 23. Qxh5 Rh8 24. Qf7 Bxd4 25. Bxd4 Re8 26. Qxc4 Qc6 27. Qxc6
Bxc6 28. Nd5 Bxd5 29. exd5 Rf8 30. Kd2 Kd7 31. Ke3 Rac8 32. c3 Rb8 33. b3 Rf5
34. c4 a4 35. Rb1 axb3 36. axb3 Rbf8 37. Rf1 Rb8 38. Ke4 Rf7 39. Rb1 Rbf8 40.
b4 Rxf3 41. Be3 R3f5 42. Kd3 Rb8 43. b5 Rb7 44. b6 Rf8 45. Ra1 Rfb8 46. Ra7 e6
47. Ra1 exd5 48. cxd5 Re8 49. Bd4 Reb8 50. Rb1 Ke7 51. Kc4 Kd7 52. Kb5 Rc7 53.
Rh1 Rcb7 54. Ka6 Kc8 55. Rh8+ Kd7 56. Rxb8 Rxb8 57. b7 Kc7 58. Bb6+ Kd7 59. Ka7
Rc8 60. bxc8=Q+ Kxc8 61. Bd4 Kc7 62. Ka6 Kc8 63. Kb6 Kd7 64. Kb7 Kd8 65. Kc6 Ke7
66. Kc7 Ke8 67. Kxd6 Kd8 68. Ke6 Ke8 69. Bf6 Kf8 70. d6 Ke8 71. d7+ Kf8 72. d8=Q#
1-0

[Event "Druzynowe Mistrzostwa Polski Juniorow - I Liga"]
[Site "Ustron"]
[Date "2011-07-01"]
[Round "7.5"]
[White "Gorbacz, Dominika"]
[Black "Delekta, Anna"]
[Result "0-1"]
[WhiteTitle "II+"]
[BlackTitle "I"]
[WhiteElo "1620"]
[BlackElo "1699"]

1. e4 c5 2. Nf3 Nc6 3. d4 cxd4 4. Nxd4 Nf6 5. Nc3 e6 6. Be2 a6 7. a4 Bb4 8. f3
Qa5 9. Nb3 Qe5 10. Bd2 O-O 11. O-O Nd4 12. f4 Nxe2+ 13. Qxe2 Qc7 14. e5 Ne8 15.
Qe4 Be7 16. Rf3 d6 17. Rh3 f5 18. Qe2 Rf7 19. Re1 Bd7 20. Qd1 dxe5 21. fxe5 g5
22. Rg3 g4 23. Bh6 Bh4 24. Rxg4+ fxg4 25. Qxg4+ Ng7 26. Qxh4 Raf8 27. Qg3 Kh8
28. Bg5 Nh5 29. Qh4 Qxe5 30. Qe4 Qxe4 31. Nxe4 Rg8 32. h4 Nf4 33. Nf6 Bc6 34.
Ne4 Rff8 0-1

[Event "Druzynowe Mistrzostwa Polski Juniorow - I Liga"]
[Site "Ustron"]
[Date "2011-07-01"]
[Round "7.7"]
[White "Duda, Jan-krzysztof"]
[Black "Stankiewicz, Pawel"]
[Result "1/2-1/2"]
[WhiteTitle "FM"]
[BlackTitle "I++"]
[WhiteElo "2295"]
[BlackElo "2096"]

1. e4 c5 2. Nf3 d6 3. d4 cxd4 4. Nxd4 Nf6 5. Nc3 a6 6. Be2 e6 7. a4 Nc6 8. Be3
Be7 9. O-O O-O 10. Kh1 Qc7 11. f4 Nxd4 12. Bxd4 e5 13. Be3 exf4 14. Bxf4 Be6 15.
Qd3 Nd7 16. Rfc1 Ne5 17. Qe3 Ng6 18. Bg3 Bf6 19. Rd1 Rad8 20. Ra3 Be5 21. Rd2
Bxg3 22. Qxg3 Ne5 23. Ra1 Rd7 24. Qe3 Qc5 25. Nd1 Rfd8 26. Kg1 Ng6 27. c4 Ne7
28. b3 f5 29. Bf3 a5 30. Rc1 b6 31. h3 fxe4 32. Bxe4 Qxe3+ 33. Nxe3 d5 34. cxd5
Nxd5 35. Nxd5 Bxd5 36. Bxd5+ Rxd5 37. Rxd5 Rxd5 38. Rc3 b5 39. axb5 Rxb5 40. Rf3
Rb4 41. Kf2 a4 42. bxa4 Rxa4 43. Kg3 g6 44. Rb3 h6 45. Kf3 Kg7 46. g3 Kf6 47.
g4 g5 48. Kg3 Ra1 49. Rb2 Ra3+ 50. Kg2 Re3 51. Rf2+ Kg6 52. Rf5 Ra3 53. Rf3 Rxf3
54. Kxf3 Kf6 55. Ke4 Ke6 56. Kd4 1/2-1/2

[Event "Druzynowe Mistrzostwa Polski Juniorow - I Liga"]
[Site "Ustron"]
[Date "2011-07-01"]
[Round "7.8"]
[White "Lukasiewicz, Aleksander"]
[Black "Sleczka, Bartosz"]
[Result "1/2-1/2"]
[WhiteTitle "I"]
[BlackTitle "I"]
[WhiteElo "1925"]
[BlackElo "1895"]

1. e4 e5 2. Nf3 Nc6 3. Bb5 a6 4. Bxc6 dxc6 5. d4 exd4 6. Qxd4 Qxd4 7. Nxd4 Bd7
8. Nc3 O-O-O 9. Be3 c5 10. Nde2 Bc6 11. f3 b6 12. Kf2 Ne7 13. Rad1 Rxd1 14. Rxd1
h6 15. Nf4 g5 16. Nd3 Ng6 17. Ne2 Bd6 18. Ng3 Re8 19. Nf5 Bf8 20. Bd2 Re6 21.
Bc3 f6 22. h4 gxh4 23. Rh1 c4 24. Nb4 Bc5+ 25. Kf1 Bb5 26. Nd5 Ba4 27. b3 Bb5
28. a4 Bc6 29. Nxf6 cxb3 30. cxb3 b5 31. axb5 Bxb5+ 32. Ke1 Nf4 33. Kd2 Nxg2 34.
Rh2 Bf1 35. Rh1 Bb5 36. Rh2 Bg1 37. Nxh4 Be3+ 38. Kc2 Nxh4 39. Rxh4 Bg5 40. Rh1
Be2 41. Rh2 Bxf3 42. e5 Kd8 43. Kd3 Bd1 44. b4 Bb3 45. Ne4 Bf4 46. Rh4 Bxe5 47.
Bxe5 Rxe5 48. Nc5 Bd1 1/2-1/2

[Event "Druzynowe Mistrzostwa Polski Juniorow - I Liga"]
[Site "Ustron"]
[Date "2011-07-01"]
[Round "7.9"]
[White "Bus, Konrad"]
[Black "Grela, Kacper"]
[Result "0-1"]
[WhiteTitle "I"]
[BlackTitle "II"]
[WhiteElo "1854"]
[BlackElo "1728"]

1. e4 c5 2. Nc3 Nc6 3. g3 g6 4. Bg2 Bg7 5. d3 e5 6. Nge2 Nge7 7. Be3 d6 8. O-O
O-O 9. f4 f5 10. Qd2 fxe4 11. dxe4 Bg4 12. h3 Be6 13. Rad1 Nd4 14. g4 exf4 15.
Nxf4 Bc4 16. Nd3 Nec6 17. Nd5 Ne7 18. c3 Nxd5 19. exd5 Nb5 20. Rxf8+ Qxf8 21.
Nf4 Bxa2 22. Ne6 Qe7 23. Rf1 Nc7 24. Bg5 Qd7 25. Nxg7 Kxg7 26. c4 Kg8 27. Qf4
Qg7 28. Bf6 Qd7 29. Bc3 Qe7 30. Bf6 Qf8 31. Qc1 Qe8 32. Qc3 Qd7 33. Ra1 Qa4 34.
Bh8 Ne8 35. Re1 Qd7 36. b3 Bxb3 37. Bf1 a5 38. Qf3 Qf7 39. Qc3 a4 40. Bd3 Ng7
41. Rf1 Qe7 42. Re1 Qc7 43. Qf6 Rf8 44. Qh4 Qd8 45. Qh6 Qf6 46. Qxg7+ Qxg7 47.
Bxg7 Kxg7 48. Ra1 Rf4 49. Kg2 g5 50. Kg3 h6 51. Bf5 Rxc4 52. Re1 a3 53. Re7+ Kf8
54. Rxb7 a2 0-1

[Event "Druzynowe Mistrzostwa Polski Juniorow - I Liga"]
[Site "Ustron"]
[Date "2011-07-01"]
[Round "7.10"]
[White "Nowakowski, Artur"]
[Black "Kyc, Jerzy"]
[Result "1/2-1/2"]
[WhiteTitle "II"]
[BlackTitle "II"]
[WhiteElo "1631"]
[BlackElo "1628"]

1. e4 c5 2. Nf3 d6 3. d4 cxd4 4. Nxd4 Nf6 5. Nc3 g6 6. Be3 Bg7 7. f3 Nc6 8. Qd2
O-O 9. O-O-O d5 10. exd5 Nxd5 11. Nxd5 Qxd5 12. Nxc6 Qxc6 13. Qb4 Qe6 14. Qb3
Qxb3 15. axb3 Be6 16. Bc4 Bxc4 17. bxc4 Rfd8 18. Rd3 Rxd3 19. cxd3 Rd8 20. Kc2
Bd4 21. Bxd4 Rxd4 22. Ra1 a6 23. Re1 Kf8 24. Kc3 Rd6 25. d4 e6 26. b4 Ke7 27.
Rb1 Kd7 28. b5 axb5 29. Rxb5 Kc7 30. Ra5 Kb8 31. f4 Rb6 32. d5 exd5 33. Rxd5 Kc7
34. f5 Rb1 35. fxg6 fxg6 1/2-1/2

[Event "Druzynowe Mistrzostwa Polski Juniorow - I Liga"]
[Site "Ustron"]
[Date "2011-07-01"]
[Round "7.11"]
[White "Tracz, Marcelina"]
[Black "Grochocinska, Urszula"]
[Result "1/2-1/2"]
[WhiteTitle "II+"]
[BlackTitle "I+"]
[WhiteElo "1685"]
[BlackElo "1790"]

1. e4 e5 2. Nf3 Nc6 3. Bb5 a6 4. Ba4 Nf6 5. O-O b5 6. Bb3 Bc5 7. c3 d6 8. a4 Bb7
9. d4 Bb6 10. Bg5 h6 11. Bxf6 Qxf6 12. Bd5 O-O 13. Na3 Ra7 14. axb5 axb5 15. Nxb5
Rxa1 16. Qxa1 exd4 17. Bxc6 Bxc6 18. Nbxd4 Bxe4 19. Re1 Bb7 20. Qd1 Qg6 21. Nh4
Qg5 22. Nhf3 Qg4 23. h3 Qd7 24. b4 Ra8 25. Qd3 Ra2 26. Qb1 Bd5 27. Nc2 Ra8 28.
Qd1 Bb3 29. Qd3 Be6 30. Ncd4 Ra2 31. Re2 Rxe2 32. Qxe2 Bd5 33. c4 Bb7 34. b5 d5
35. cxd5 Qxd5 36. Qe8+ Kh7 37. Qe3 Bxd4 38. Qd3+ g6 39. Qxd4 Qxb5 40. Qf4 Qd7
41. Ne5 Qd5 42. f3 Kg7 43. Ng4 Qd1+ 44. Kf2 Qc2+ 45. Kg1 Qc5+ 46. Kh1 Qd6 47.
Qxh6+ Kg8 48. h4 Bc8 49. Qg5 Bxg4 50. Qxg4 c5 51. h5 Kh7 52. hxg6+ fxg6 53. Qc4
Qf6 54. Kh2 Qe6 55. g3 Kg7 56. f4 Kf6 1/2-1/2

[Event "Druzynowe Mistrzostwa Polski Juniorow - I Liga"]
[Site "Ustron"]
[Date "2011-07-01"]
[Round "7.13"]
[White "Zmarzly, Aleksandra"]
[Black "Sowul, Bartosz"]
[Result "0-1"]
[WhiteTitle "k+"]
[BlackTitle "k"]
[WhiteElo "2091"]
[BlackElo "2178"]

1. d4 Nf6 2. c4 c5 3. d5 e6 4. Nc3 exd5 5. cxd5 g6 6. e4 d6 7. Nf3 Bg7 8. Nd2 O-O
9. Be2 Re8 10. O-O Na6 11. f4 Nc7 12. a4 b6 13. Bf3 Rb8 14. Re1 Ba6 15. Nb3 Nd7
16. Be3 Bc4 17. Nd2 Bd3 18. Be2 Bxe4 19. Ndxe4 f5 20. Bf3 fxe4 21. Nxe4 Nf6 22.
Ng3 Qd7 23. h3 Qf7 24. f5 Nfxd5 25. fxg6 hxg6 26. Bc1 Bd4+ 27. Kh1 Rxe1+ 28. Qxe1
Re8 29. Qd1 Ne3 30. Qd3 Nf5 31. Nxf5 Re1+ 32. Kh2 Bg1+ 33. Kg3 gxf5 34. h4 Qg6+
35. Kh3 Bf2 36. Bd5+ Kh7 37. g3 Nxd5 0-1

[Event "Druzynowe Mistrzostwa Polski Juniorow - I Liga"]
[Site "Ustron"]
[Date "2011-07-01"]
[Round "7.14"]
[White "Pietruszewski, Marcin"]
[Black "Malec, Robert"]
[Result "1-0"]
[WhiteTitle "k"]
[BlackTitle "I"]
[WhiteElo "2111"]
[BlackElo "1830"]

1. e4 c5 2. Nf3 Nc6 3. Nc3 e6 4. d4 cxd4 5. Nxd4 Qc7 6. Be3 a6 7. Bd3 Nf6 8. O-O
Nxd4 9. Bxd4 Bc5 10. Bxc5 Qxc5 11. Kh1 d6 12. Qe2 e5 13. f4 Bg4 14. Qd2 exf4 15.
Qxf4 Qe5 16. Nd5 Qxf4 17. Rxf4 Nxd5 18. exd5 Bd7 19. Re1+ Kf8 20. Rb4 b5 21. Kg1
Re8 22. Rxe8+ Bxe8 23. Kf2 Bd7 24. Ke3 f6 25. Rf4 Kf7 26. Kd4 Re8 27. Rf1 Re5
28. b3 Bg4 29. Rf2 Re1 30. Rd2 Bd7 31. c4 Rc1 32. b4 bxc4 33. Bxc4 Bb5 34. Bb3
Ke7 35. a4 Bf1 36. g3 Kd7 37. Ra2 Rb1 38. Kc3 Kc7 39. Bc2 Re1 40. Bxh7 Re3+ 41.
Kd4 Rb3 42. Ra1 Be2 43. Rb1 Ra3 44. Bc2 Rf3 45. Re1 Bf1 46. Be4 Rf2 47. Ke3 1-0

[Event "Druzynowe Mistrzostwa Polski Juniorow - I Liga"]
[Site "Ustron"]
[Date "2011-07-01"]
[Round "7.15"]
[White "Terochin, Piotr"]
[Black "Murawko, Katarzyna"]
[Result "0-1"]
[WhiteTitle "II"]
[BlackTitle "I+"]
[WhiteElo "1704"]
[BlackElo "1796"]

1. e4 c5 2. c3 d5 3. exd5 Qxd5 4. d4 Nf6 5. Nf3 Bg4 6. Be2 e6 7. O-O Nc6 8. h3
Bh5 9. Na3 a6 10. Be3 cxd4 11. Nxd4 Bxe2 12. Qxe2 Bxa3 13. bxa3 O-O 14. Rab1 Qd7
15. Rfd1 Qc7 16. Bg5 Nxd4 17. Rxd4 Nd5 18. Rc4 Qd7 19. Qg4 b5 20. Rc5 Rac8 21.
Rxd5 Qxd5 22. Bf6 g6 23. Re1 Qf5 24. Qh4 Rc4 25. g4 Qf3 26. Re3 Qd1+ 27. Kg2 h5
28. Bd4 Rxd4 29. cxd4 Qxd4 30. Rg3 Rc8 31. Rf3 hxg4 32. hxg4 Rc3 33. Rxc3 Qxc3
34. Qd8+ Kg7 35. g5 Qe5 36. Qe7 Qf5 37. Kg3 e5 38. Kg2 Qe6 39. Qd8 Qg4+ 40. Kf1
Qc4+ 41. Kg2 Qc6+ 42. Kg1 Qe6 43. Kg2 e4 44. Qd4+ Kh7 45. Qd2 Qg4+ 46. Kh2 Qf3
47. Kg1 Qxa3 48. Qd5 Qe7 49. Kg2 Qe6 50. Qd2 e3 51. fxe3 Qg4+ 52. Kf2 Qxg5 53.
Kf3 Qf5+ 54. Kg3 Qe5+ 55. Kf3 Kg7 56. Qa5 Qf6+ 57. Ke2 g5 58. a4 Qc6 59. axb5
Qxb5+ 0-1

[Event "Druzynowe Mistrzostwa Polski Juniorow - I Liga"]
[Site "Ustron"]
[Date "2011-07-01"]
[Round "7.16"]
[White "Mockun, Dawid"]
[Black "Malecki, Mateusz"]
[Result "1-0"]
[WhiteTitle "II+"]
[BlackTitle "II"]
[WhiteElo "1688"]
[BlackElo "1327"]

1. d4 d5 2. Nf3 Nf6 3. e3 Bf5 4. c4 e6 5. a3 a5 6. Nc3 c6 7. Bd3 Bxd3 8. Qxd3 dxc4
9. Qxc4 b5 10. Qe2 Bd6 11. O-O O-O 12. e4 Be7 13. Rd1 Qb6 14. Bg5 h6 15. Bf4 b4
16. axb4 Bxb4 17. Ne5 Rd8 18. Qe3 Nbd7 19. h3 Nxe5 20. Bxe5 Nd7 21. Bf4 Kh7 22.
Qg3 Rg8 23. Qd3 g6 24. Qd2 h5 25. Be3 Qb7 26. Qe2 Nf6 27. Bd2 Qd7 28. Qe3 Rh8
29. Qf3 Ne8 30. Bf4 Rf8 31. g4 hxg4 32. hxg4 Kg7 33. Kg2 f6 34. Qe3 g5 35. Bg3
Nd6 36. Na4 Qe7 37. Rac1 Rac8 38. e5 Nf7 39. exf6+ Qxf6 40. Nc5 Kg8 41. Nd7 Qg6
42. Nxf8 Kxf8 43. Qf3 c5 44. dxc5 Rxc5 45. Rxc5 Bxc5 46. Bd6+ Bxd6 47. Rxd6 Ke7
48. Rd4 Ne5 49. Qa3+ Kf6 50. Qf8+ Nf7 51. Qa8 Ne5 52. Qe4 Qe8 53. Rd2 Qc6 54.
Qxc6 Nxc6 55. Kf3 Ne5+ 56. Kg3 Nc4 57. Rc2 Ne5 58. Rc5 Nd3 59. Rb5 a4 60. Kf3
Ne5+ 61. Kg3 Nd3 62. f3 e5 63. Kg2 Ke6 64. Kf1 Kd6 65. Ke2 Kc6 66. Rb8 Kc7 67.
Kxd3 Kxb8 68. Kc4 a3 69. bxa3 Kb7 70. Kd5 Kb6 71. Kxe5 1-0

[Event "Druzynowe Mistrzostwa Polski Juniorow - I Liga"]
[Site "Ustron"]
[Date "2011-07-01"]
[Round "7.17"]
[White "Barburzynska, Magdalena"]
[Black "Ostrowska, Dominika"]
[Result "0-1"]
[WhiteTitle "I++"]
[BlackTitle "k"]
[WhiteElo "1936"]
[BlackElo "1936"]

1. e4 c5 2. Nf3 d6 3. d4 cxd4 4. Nxd4 Nf6 5. Nc3 a6 6. Bc4 e6 7. Bb3 Nbd7 8. Bg5
Qa5 9. Bxf6 Nxf6 10. O-O Be7 11. f4 Bd7 12. Kh1 h5 13. Qe1 h4 14. e5 dxe5 15.
fxe5 Ng4 16. Qe4 Nxe5 17. Qxb7 Rd8 18. Rae1 h3 19. Qe4 Bd6 20. g3 Qc7 21. Qf4
O-O 22. Ne4 Qb7 23. Nf3 Bb5 24. Nxd6 Rxd6 25. c4 Nxf3 26. Rxf3 Rd3 27. Rf1 Bc6
28. Kg1 Rxf3 0-1

[Event "Druzynowe Mistrzostwa Polski Juniorow - I Liga"]
[Site "Ustron"]
[Date "2011-07-01"]
[Round "7.18"]
[White "Jaskiewicz, Kamila"]
[Black "Lascar, Radoslawa"]
[Result "1-0"]
[WhiteTitle "I"]
[BlackTitle "II+"]
[WhiteElo "1620"]
[BlackElo "1580"]

1. c4 f5 2. Nf3 Nf6 3. e3 g6 4. Qc2 Bg7 5. Nc3 O-O 6. b3 d6 7. Bb2 e5 8. Be2 Bd7
9. O-O Na6 10. a3 Nc5 11. d4 exd4 12. Nxd4 a6 13. Bf3 Qe8 14. Nd5 Rc8 15. Rad1
Nfe4 16. Qb1 Be5 17. Rfe1 Qd8 18. g3 Rf7 19. Bg2 Bg7 20. Nf4 Qe7 21. Re2 c6 22.
Qc2 b5 23. Nd3 Nxd3 24. Qxd3 bxc4 25. bxc4 Rb8 26. Rb1 a5 27. Nb3 a4 28. Bxg7
Rxg7 29. Nd4 Rxb1+ 30. Qxb1 Rf7 31. Rb2 Rf8 32. Rb7 c5 33. Nc6 Qe6 34. Qb2 Nf6
35. Nb8 Bc8 36. Bd5 Bxb7 37. Bxe6+ 1-0

[Event "Druzynowe Mistrzostwa Polski Juniorow - I Liga"]
[Site "Ustron"]
[Date "2011-07-01"]
[Round "7.19"]
[White "Wandzik, Wojciech"]
[Black "Adamowicz, Maciej"]
[Result "1-0"]
[WhiteTitle "k"]
[BlackTitle "I+"]
[WhiteElo "2239"]
[BlackElo "1991"]

1. e4 c5 2. Nf3 e6 3. d4 cxd4 4. Nxd4 a6 5. Bd3 Bc5 6. Nb3 Be7 7. Be3 Nf6 8. N1d2
Nc6 9. f4 d6 10. c3 b5 11. Qe2 Bb7 12. O-O O-O 13. Rad1 Qc7 14. g4 g6 15. Nd4
Rfe8 16. g5 Nd7 17. Qf2 Nc5 18. Bc2 Rad8 19. b4 Nd7 20. Bb3 Bf8 21. f5 exf5 22.
exf5 Nde5 23. fxg6 hxg6 24. Ne4 Bg7 25. Nf6+ Bxf6 26. Qxf6 Qe7 27. Nxc6 Bxc6 28.
Bd4 Qxf6 29. Rxf6 Nf3+ 30. Kf2 Ne5 31. Kg3 Nc4 32. Rdf1 Rd7 33. R1f4 Bb7 34. Rh4
Ne5 35. Bxe5 dxe5 36. Rxg6+ Kf8 37. Rh8+ Ke7 38. Rxe8+ Kxe8 39. Rf6 Rd3+ 40. Kf2
Rd2+ 41. Ke3 Rxh2 42. Bxf7+ Ke7 43. Bb3 Rh3+ 44. Kf2 Rh2+ 45. Kg3 Rg2+ 46. Kh3
Be4 47. Re6+ Kf8 48. Rxe5 Ba8 49. Rf5+ Kg7 50. Rf7+ Kg6 51. Rf6+ Kg7 52. Rxa6
Be4 53. Re6 Re2 54. Kg3 Rg2+ 55. Kf4 Bd3 56. Re7+ Kf8 57. Rd7 Bb1 58. Rd5 Rf2+
59. Ke3 Rg2 60. Rxb5 1-0

[Event "Druzynowe Mistrzostwa Polski Juniorow - I Liga"]
[Site "Ustron"]
[Date "2011-07-01"]
[Round "7.20"]
[White "Gabryjalowicz, Jakub"]
[Black "Mroziak, Maciej"]
[Result "0-1"]
[WhiteTitle "I"]
[BlackTitle "I++"]
[WhiteElo "1749"]
[BlackElo "2136"]

1. f4 d5 2. Nf3 Nf6 3. e3 e6 4. b3 Be7 5. Bb2 O-O 6. Be2 b6 7. O-O Bb7 8. Qe1 c5
9. d3 Nc6 10. Ne5 Nb4 11. Bd1 Nd7 12. Nxd7 Qxd7 13. Qg3 d4 14. e4 f5 15. a3 Na6
16. Nd2 Rf6 17. exf5 exf5 18. Bf3 Re6 19. Bxb7 Qxb7 20. Rae1 Rxe1 21. Qxe1 Qd7
22. Nf3 Bf6 23. Qd2 Nc7 24. c3 Nb5 25. cxd4 Nxd4 26. Ne5 Qd5 27. Bxd4 Qxd4+ 28.
Qf2 Rd8 29. Qxd4 Rxd4 30. Rf3 Bxe5 31. fxe5 g6 32. Kf2 Kf7 33. Re3 Ke6 34. Kf3
g5 35. Ke2 h5 36. Kd2 a5 37. a4 f4 38. Re2 Rd5 39. Kc3 Rxe5 40. Rf2 Kd5 41. h4
Re6 42. hxg5 Ke5 43. Kc4 h4 44. Rf3 Kf5 45. d4 cxd4 46. Kxd4 Kxg5 47. Kd3 Kg4
48. Rf2 Re3+ 49. Kc4 Kg3 50. Rb2 f3 51. gxf3 Rxf3 52. Kb5 Rf6 53. Rc2 h3 54. Rc8
Rh6 55. Rc1 h2 56. Rc3+ Kf4 57. Rc1 h1=Q 58. Rxh1 Rxh1 59. Kxb6 Rh5 0-1

[Event "Druzynowe Mistrzostwa Polski Juniorow - I Liga"]
[Site "Ustron"]
[Date "2011-07-01"]
[Round "7.21"]
[White "Lizak, Jakub"]
[Black "Kowalski, Maciej"]
[Result "0-1"]
[WhiteTitle "II+"]
[BlackTitle "II+"]
[WhiteElo "1712"]
[BlackElo "1720"]

1. e4 d5 2. exd5 Nf6 3. d4 Nxd5 4. c4 Nb6 5. Nf3 g6 6. Nc3 Bg7 7. c5 Nd5 8. Bc4
c6 9. h3 O-O 10. O-O Be6 11. Qb3 Nxc3 12. bxc3 Bxc4 13. Qxc4 Qc7 14. Re1 Re8 15.
Re4 Nd7 16. Bf4 Qa5 17. Rae1 e6 18. Rxe6 fxe6 19. Rxe6 Kh8 20. Rxe8+ Rxe8 21.
Ng5 Rf8 22. Bd6 h6 23. Nf7+ Kh7 24. Qe6 Rxf7 25. Qxf7 Qd8 26. c4 b6 27. d5 Qc8
28. cxb6 axb6 29. a4 cxd5 30. cxd5 Nf6 31. Be5 Qg8 32. Qxg8+ Kxg8 33. d6 Nd7 34.
Bf4 Kf7 35. Kf1 Ke6 36. Ke2 Nc5 37. g4 Nxa4 38. Bd2 Kxd6 39. h4 Nc3+ 40. Kd3 Nd5
41. f4 h5 42. gxh5 gxh5 43. Ke4 Bh6 0-1

[Event "Druzynowe Mistrzostwa Polski Juniorow - I Liga"]
[Site "Ustron"]
[Date "2011-07-01"]
[Round "7.23"]
[White "Panczuk, Joanna"]
[Black "Przybylska, Agata"]
[Result "1/2-1/2"]
[WhiteTitle "I"]
[BlackTitle "II"]
[WhiteElo "1679"]
[BlackElo "1604"]

1. e4 e6 2. d4 d5 3. Nd2 Nf6 4. e5 Nfd7 5. Bd3 c5 6. c3 Nc6 7. Ne2 cxd4 8. cxd4
f6 9. exf6 Nxf6 10. Nf3 Bd6 11. Bf4 Qa5+ 12. Bd2 Qc7 13. Bc3 O-O 14. O-O Bd7 15.
Qc2 g6 16. Ng3 Rae8 17. Rae1 Bc8 18. Ne5 Nb4 19. Bxb4 Qxc2 20. Bxc2 Bxb4 21. Re2
Nd7 22. Ba4 Re7 23. Bxd7 Bxd7 24. Nxd7 Rxd7 25. Rxe6 Rc7 26. Re5 Rc2 27. a3 Ba5
28. Rxd5 Bb6 29. Ne4 Rxb2 30. Rd1 Ra2 31. f3 Rxa3 32. Kf2 Rd8 33. Rxd8+ 1/2-1/2

[Event "Druzynowe Mistrzostwa Polski Juniorow - I Liga"]
[Site "Ustron"]
[Date "2011-07-01"]
[Round "7.25"]
[White "Lis, Marek"]
[Black "Swiech, Przemyslaw"]
[Result "1-0"]
[WhiteTitle "I++"]
[BlackTitle "I++"]
[WhiteElo "2116"]
[BlackElo "2219"]

1. e4 c5 2. Nf3 Nc6 3. Nc3 e5 4. Bc4 Be7 5. O-O Nf6 6. d3 O-O 7. Ne1 d6 8. f4 Bg4
9. Nf3 exf4 10. Bxf4 Nd7 11. Qd2 Bxf3 12. gxf3 Nde5 13. Bb3 Nd4 14. Qg2 b5 15.
Nd5 Kh8 16. Kh1 Ng6 17. Be3 Nxb3 18. axb3 f5 19. Rg1 Rf7 20. Qh3 Ne5 21. exf5
a5 22. Nf4 Qd7 23. Ne6 Qb7 24. Rg3 a4 25. Rag1 Bf6 26. Qh5 Qc8 27. Nf4 Qe8 28.
Ng6+ Kg8 29. Qxh7+ 1-0

[Event "Druzynowe Mistrzostwa Polski Juniorow - I Liga"]
[Site "Ustron"]
[Date "2011-07-01"]
[Round "7.26"]
[White "Sobolewski, Bartosz"]
[Black "Lewtak, Damian"]
[Result "1/2-1/2"]
[WhiteTitle "II+"]
[BlackTitle "I+"]
[WhiteElo "1889"]
[BlackElo "2080"]

1. d4 d5 2. c4 c6 3. Nf3 Nf6 4. Nc3 dxc4 5. a4 Bf5 6. e3 e6 7. Bxc4 h6 8. O-O Nbd7
9. Re1 Bb4 10. Bd2 O-O 11. Ne4 Be7 12. Ng3 Be4 13. Nxe4 Nxe4 14. Qc2 Nxd2 15.
Qxd2 a5 16. Qd3 Qb6 17. Red1 Rfd8 18. Qb3 Qxb3 19. Bxb3 Rac8 20. Rac1 Kf8 21.
Kf1 Bb4 22. Ke2 Ke7 23. h4 Rc7 24. Rc2 g6 25. Rdc1 Rdc8 26. g3 Bd6 27. e4 Nb6
28. Ne1 Ke8 29. Nd3 Nd7 30. f4 c5 31. e5 Be7 32. Kf3 Nb6 33. Nxc5 Bxc5 34. Rxc5
Rxc5 35. Rxc5 Rxc5 36. dxc5 Nd7 37. c6 bxc6 38. Bc2 h5 39. g4 hxg4+ 40. Kxg4 Nb6
41. Bb3 c5 42. h5 gxh5+ 43. Kxh5 c4 44. Bd1 Nd5 45. Kg5 Ke7 46. Bf3 Nb6 1/2-1/2

[Event "Druzynowe Mistrzostwa Polski Juniorow - I Liga"]
[Site "Ustron"]
[Date "2011-07-01"]
[Round "7.27"]
[White "Lewtak, Dominik"]
[Black "Marczuk, Dominik"]
[Result "0-1"]
[WhiteTitle "II+"]
[BlackTitle "I"]
[WhiteElo "1723"]
[BlackElo "1924"]

1. e4 c5 2. Nf3 Nc6 3. d4 cxd4 4. Nxd4 e5 5. Nb5 d6 6. N1c3 a6 7. Na3 b5 8. Nd5
Nce7 9. c4 Nxd5 10. exd5 bxc4 11. Nxc4 f5 12. Bd2 a5 13. Be3 Rb8 14. Bd2 Ra8 15.
Be3 Bd7 16. Bb6 Qb8 17. Bxa5 Nf6 18. b4 Be7 19. Nb6 Bd8 20. Nxa8 Bxa5 21. bxa5
Qxa8 22. Bc4 Qxa5+ 23. Qd2 Qa4 24. Rc1 Ne4 25. Qb2 Qa5+ 26. Ke2 O-O 27. f3 Nc5
28. Qc3 Qd8 29. Qe3 f4 30. Qa3 e4 31. h4 Qf6 32. Qc3 Qg6 33. Rcg1 Re8 34. Kd1
Ba4+ 35. Kc1 Rb8 36. h5 Qf5 37. g4 fxg3 38. Kd2 Qf4+ 39. Ke1 Rb1+ 40. Ke2 exf3+
41. Qxf3 Rb2+ 0-1

[Event "Druzynowe Mistrzostwa Polski Juniorow - I Liga"]
[Site "Ustron"]
[Date "2011-07-01"]
[Round "7.28"]
[White "Jajte-pachota, Maciej"]
[Black "Szeglowski, Tomasz"]
[Result "1-0"]
[WhiteTitle "II"]
[BlackTitle "II+"]
[WhiteElo "1685"]
[BlackElo "1673"]

1. d4 d5 2. c4 e6 3. Nf3 Be7 4. g3 Nf6 5. Bg2 O-O 6. O-O b6 7. Nc3 Bb7 8. Ne5 Nbd7
9. Qb3 dxc4 10. Qxc4 Bxg2 11. Kxg2 Nxe5 12. dxe5 Nd7 13. f4 c5 14. b3 a6 15. a4
Qc7 16. Bb2 Nb8 17. Ne4 Nc6 18. Rad1 Na5 19. Qc3 Qc6 20. Qf3 Kh8 21. Nd6 Qxf3+
22. Rxf3 Rad8 23. Rfd3 Bxd6 24. exd6 Rd7 25. e4 f6 26. Kf3 Kg8 27. Ba3 Nc6 28.
Bb2 a5 29. Ke3 Kf7 30. Bc3 Rc8 31. e5 f5 32. Rg1 Rg8 33. Rd2 Nd8 34. g4 g6 35.
Kd3 Nc6 36. gxf5 gxf5 37. Rxg8 Kxg8 38. Rg2+ Kf7 39. Kc4 Na7 40. h4 Kf8 41. h5
Kf7 42. h6 Kf8 43. Rg7 Ke8 44. Rg8+ Kf7 45. Rh8 Kg6 46. Rf8 Rf7 47. Re8 Kxh6 48.
Re7 Kg7 49. Rxe6 h5 50. Re7 Rxe7 51. dxe7 Kf7 52. Be1 Kxe7 53. Kd5 Kd7 54. e6+
Ke7 55. Bh4+ Ke8 56. Kd6 Nc8+ 57. Ke5 Ne7 58. Kf6 Nc6 59. Kxf5 Nd4+ 60. Ke5 Nxb3
61. f5 Nd4 62. Bf2 h4 63. f6 h3 64. f7+ Kf8 65. Kf6 Nxe6 66. Be3 1-0